Country chain quiz - Statistics

General Stats
  • This quiz has been taken 72 times
  • The average score is 5 of 8
Answer Stats
Hint Answer % Correct
Use the last four letters and add turkmen. Turkmenistan
100%
First two letters, add nis, then ia Tunisia
96%
First four letters plus something to unlock a door Turkey
93%
Pakistan Pakistan
75%
Erase the first 6 letters and add Pak Pakistan
61%
Use the A for a second letter and add S-T-A-N Kazakhstan
53%
Replace U with O and add a movement Togo
44%
Take the 3rd letter, add sr, then add a lot. Germany
21%
No matching quizzes found
Score Distribution
Percent of People with Each Score
Percentile by Number Answered
Your Score History
You have not taken this quiz